000 00673cam a22002054a 4500
005 20250605164223.0
008 250528s ||||||||||||||||||||||||d
035 _a20748
040 _aGR-AtMCL
_bgre
_dGR-AtMCL
_eAACR2
245 1 _aΜια Εισαγωγή στον Τουρισμό / Βασικές Έννοιες και Σύγχρονες Εξελίξεις
300 _a40
700 1 _aΛαγός Δημήτρης
_96717
700 1 _aΠρωϊου Ευαγγελία
_96718
700 1 _aΣταυρινουδάκης Θεόδωρος
_96719
700 1 _aΤσάρτας Πάρις
942 _cBK
260 _bΕσπα
999 _c5832
_d5832